| 000 | 00559nam a2200205Ia 4500 | ||
|---|---|---|---|
| 005 | 20260429112322.0 | ||
| 008 | 260429s9999||||xx |||||||||||||| ||und|| | ||
| 020 | _a9781647268848 | ||
| 041 | _aEnglish | ||
| 082 |
_a519.535 _bMAX |
||
| 100 | _aMaxwell, Nancy | ||
| 245 | 0 |
_aApplied multivariate statistical analysis, Vol. 3 / _cNancy Maxwell |
|
| 250 | _a1st ed. | ||
| 260 |
_aNew York : _bClanrye International, _c2025. |
||
| 300 | _avii, 203 p.; hb | ||
| 440 | _vVol. 3 | ||
| 650 | _a Multivariate | ||
| 650 | _aStatistical analysis | ||
| 942 | _cTB | ||
| 999 |
_c53467 _d53467 |
||